Premier League Gentlemen Quiz Stats

 Plays Quiz not verified by Sporcle

Challenge
Share
Tweet
Embed
Score 0/23 Timer 06:00
0 Plays Today
Apps Player % Correct
632Ryan Giggs
96.4%
465Michael Carrick
63.5%
366Leighton Baines
50.8%
451Shay Given
46.3%
395Stewart Downing
43.6%
313Edwin van der Sar
41.2%
392Damien Duff
41%
310Peter Schmeichel
36.8%
352Leon Osman
35.1%
343Nick Barmby
30.6%
326Aaron Lennon
29.6%
372Nigel Martyn
24.4%
Apps Player % Correct
325Kevin Campbell
23.9%
305Alan Wright
22.5%
325Matthew Taylor
21.4%
455Aaron Hughes
20.4%
321John Arne Riise
20%
378Luke Young
18.1%
364Thomas Sørensen
16.1%
302Joe Hart
15.1%
336Steed Malbranque
14.2%
316Wayne Bridge
12.8%
319Paul Telfer
5.3%

You're not logged in!

Compare scores with friends on all Sporcle quizzes.
OR
Log In

You Might Also Like...

Show Comments

Extras

Top Quizzes Today


Score Distribution

Your Account Isn't Verified!

In order to create a playlist on Sporcle, you need to verify the email address you used during registration. Go to your Sporcle Settings to finish the process.

Report this User

Report this user for behavior that violates our Community Guidelines.

Details: